Zákon o veřejném ochránci práv a ochránci práv dětí : komentář

Saved in:
Bibliographic Details
Corporate Author Česko
Other Authors Sládeček, Vladimír, 1954- (Commentator for written text)
Format Book
LanguageCzech
Published Praha : C.H. Beck, 2025
Edition3. vydání
SeriesBeckovy komentáře
Subjects
ISBN978-80-7699-029-6
Physical Descriptionxx, 289 stran ; 20 cm

Cover

LEADER 00000aam a2200000 i 4500
001 115615
003 CZ ZlUTB
005 20260507091013.0
007 ta
008 251203s2025 xr e 001 0 cze d
015 |a cnb003720381 
020 |a 978-80-7699-029-6  |q (brožováno) 
040 |a HKA001  |b cze  |d ZLD002  |e rda 
043 |a e-xr--- 
072 7 |a 342  |x Ústavní právo. Správní právo  |2 Konspekt  |9 16 
080 |a 347.965  |2 MRF 
080 |a 342.7  |2 MRF 
080 |a 349.3-053.2  |2 MRF 
080 |a (437.3)  |2 MRF 
080 |a (094.5)  |2 MRF 
080 |a (0.072)  |2 MRF 
100 1 |a Sládeček, Vladimír,  |d 1954-  |7 jn20000710547  |4 cwt 
245 1 0 |a Zákon o veřejném ochránci práv a ochránci práv dětí :  |b komentář /  |c Vladimír Sládeček 
250 |a 3. vydání 
264 1 |a Praha :  |b C.H. Beck,  |c 2025 
300 |a xx, 289 stran ;  |c 20 cm 
336 |a text  |b txt  |2 rdacontent 
337 |a bez média  |b n  |2 rdamedia 
338 |a svazek  |b nc  |2 rdacarrier 
490 0 |a Beckovy komentáře 
500 |a Obsahuje bibliografické odkazy a rejstřík 
650 0 7 |a veřejný ochránce práv  |7 ph135469  |z Česko  |2 czenas 
650 0 7 |a ochrana lidských práv  |7 ph116782  |z Česko  |2 czenas 
650 0 7 |a sociálně-právní ochrana dětí  |7 ph297054  |2 czenas 
650 0 9 |a ombudsman  |z Czechia  |2 eczenas 
650 0 9 |a human rights protection  |z Czechia  |2 eczenas 
650 0 9 |a social-law children protection  |2 eczenas 
655 7 |a zákony  |7 fd133886  |2 czenas 
655 7 |a komentáře  |7 fd132578  |2 czenas 
655 9 |a laws  |2 eczenas 
655 9 |a commentaries  |2 eczenas 
710 1 2 |a Česko.  |t Zákon o Veřejném ochránci práv (1999)  |7 kon20251273493 
710 2 |a Nakladatelství C.H. Beck  |7 kn20060710001  |4 pbl 
910 |a ZLD002 
942 |2 udc 
952 |0 0  |1 0  |4 0  |6 34SLÁDEČEKV  |7 0  |8 BOOK  |9 191050  |a UTBZL  |b UTBZL  |c 005  |d 2026-05-07  |l 0  |o 34/SLÁDEČEK,V.  |p 420010201665  |r 2026-05-07 09:10:51  |v 850.00  |w 2026-05-07  |x N:nákup  |y 01 
992 |a BK  |b SKNEW 
999 |c 115615  |d 115615